[Event "BL 1718 (Women)"]
[Site "Germany"]
[Date "2018.03.25"]
[Round "11.5"]
[White "Markgraf, Claudia"]
[Black "Steinbacher, Claudia"]
[Result "1/2-1/2"]
[WhiteElo "1970"]
[BlackElo "2049"]
[PlyCount "54"]
[EventDate "2017.10.01"]
[EventType "team-tourn"]
[EventRounds "11"]
[EventCountry "GER"]
[SourceTitle "EXT 2019"]
[Source "ChessBase"]
[SourceDate "2018.10.10"]
[SourceVersion "1"]
[SourceVersionDate "2018.10.10"]
[SourceQuality "1"]
[WhiteTeam "Lehrte (W)"]
[BlackTeam "Rodewisch (W)"]
[WhiteTeamCountry "GER"]
[BlackTeamCountry "GER"]

1. e4 d6 2. d4 g6 3. Nc3 Bg7 4. Be3 Nf6 5. f3 c6 6. Qd2 0-0 7. Nge2 b5 8. g4 Nfd7 9. Ng3 Nb6 10. Bh6 e5 11. Bxg7 Kxg7 12. 0-0-0 Qe7 13. h4 h6 14. Be2 b4 15. Nb1 c5 16. dxc5 dxc5 17. Bb5 Be6 18. a3 a6 19. Be2 Nc6 20. Qd6 Qxd6 21. Rxd6 Rfc8 22. Rhd1 Rc7 23. c3 Nc8 24. R6d2 Na5 25. Rd8 Nc6 26. R8d2 Na5 27. Rd8 Nc6 1/2-1/2

[Event "BL 1718 (Women)"]
[Site "Germany"]
[Date "2018.03.24"]
[Round "10.5"]
[White "Germann, Heike"]
[Black "Markgraf, Claudia"]
[Result "1/2-1/2"]
[WhiteElo "2047"]
[BlackElo "1970"]
[PlyCount "111"]
[EventDate "2017.10.01"]
[EventType "team-tourn"]
[EventRounds "11"]
[EventCountry "GER"]
[SourceTitle "EXT 2019"]
[Source "ChessBase"]
[SourceDate "2018.10.10"]
[SourceVersion "1"]
[SourceVersionDate "2018.10.10"]
[SourceQuality "1"]
[WhiteTeam "Leipzig Allianz (W)"]
[BlackTeam "Lehrte (W)"]
[WhiteTeamCountry "GER"]
[BlackTeamCountry "GER"]

1. d4 Nf6 2. c4 c5 3. d5 b5 4. cxb5 a6 5. f3 axb5 6. e4 Qa5+ 7. Bd2 Qb6 8. Qb3 Ba6 9. Na3 b4 10. Nc4 Bxc4 11. Bxc4 e6 12. Ne2 exd5 13. exd5 d6 14. 0-0 Be7 15. Rfe1 0-0 16. Ng3 Bd8 17. Nf5 Nbd7 18. f4 g6 19. Ne3 Ne4 20. Rad1 f5 21. Bc1 Bf6 22. Bd3 Bd4 23. Bxe4 fxe4 24. g3 Qa7 25. Kh1 Qxa2 26. Qxa2 Rxa2 27. Nc4 Nf6 28. Nxd6 e3 29. Bxe3 Bxe3 30. Rxe3 Rxb2 31. h3 Rd8 32. Ne4 Nxe4 33. Rxe4 Rc2 34. Re7 b3 35. d6 b2 36. d7 Kf8 37. Rde1 Rc1 38. Re8+ Kg7 39. Rxd8 Rxe1+ 40. Kg2 Rd1 41. Rb8 Rxd7 42. Rxb2 Kf6 43. Rc2 Rd5 44. Kf3 Ke6 45. Re2+ Kd6 46. Re8 c4 47. Ke4 Rc5 48. Kd4 c3 49. Re1 c2 50. Rc1 Rc7 51. g4 Ke6 52. h4 Rc8 53. Re1+ Kf6 54. Rc1 Ke6 55. Re1+ Kf6 56. Rc1 1/2-1/2

[Event "BL 1718 (Women)"]
[Site "Germany"]
[Date "2018.01.27"]
[Round "6.5"]
[White "Sedina, Elena"]
[Black "Markgraf, Claudia"]
[Result "1-0"]
[WhiteElo "2281"]
[BlackElo "1970"]
[PlyCount "121"]
[EventDate "2017.10.01"]
[EventType "team-tourn"]
[EventRounds "11"]
[EventCountry "GER"]
[SourceTitle "EXT 2019"]
[Source "ChessBase"]
[SourceDate "2018.10.10"]
[SourceVersion "1"]
[SourceVersionDate "2018.10.10"]
[SourceQuality "1"]
[WhiteTeam "Baden-Baden (W)"]
[BlackTeam "Lehrte (W)"]
[WhiteTeamCountry "GER"]
[BlackTeamCountry "GER"]

1. e4 Nf6 2. e5 Nd5 3. d4 d6 4. c4 Nb6 5. exd6 exd6 6. Nc3 Be7 7. Bd3 Nc6 8. Nge2 Bg4 9. f3 Bh4+ 10. g3 Bxf3 11. 0-0 Nxd4 12. gxh4 Qxh4 13. Qe1 Qxe1 14. Rxe1 Bxe2 15. Kf2 0-0 16. Nxe2 Nc6 17. b3 Ne5 18. Bc2 Rae8 19. h3 Nbd7 20. Nf4 Nc5 21. Be3 b6 22. Rad1 f5 23. Nd5 Rf7 24. Bf4 h6 25. Kg2 g5 26. Bc1 Ref8 27. Bb2 Ng6 28. b4 Ne4 29. Bxe4 fxe4 30. Rf1 Nh4+ 31. Kg1 Nf3+ 32. Kh1 c5 33. a3 Kh7 34. Ne3 Ne5 35. Rxf7+ Rxf7 36. Bxe5 dxe5 37. Kg2 Rf3 38. Re1 Kg6 39. bxc5 bxc5 40. Ng4 Rxa3 41. Rxe4 h5 42. Nxe5+ Kf5 43. Re2 Rc3 44. Nf7 g4 45. Nd6+ Kg6 46. hxg4 hxg4 47. Re5 Rc2+ 48. Kg3 Kf6 49. Rxc5 Ke6 50. Nb5 Ra2 51. Kxg4 a6 52. Nd4+ Kd6 53. Rd5+ Kc7 54. Kf5 Ra4 55. c5 Rc4 56. Ke4 a5 57. Rh5 a4 58. Kd5 Rc1 59. Rh7+ Kc8 60. Kc6 Kb8 61. Nb5 1-0

[Event "BL 1718 (Women)"]
[Site "Germany"]
[Date "2017.11.19"]
[Round "3.6"]
[White "Schmidt, Jade"]
[Black "Markgraf, Claudia"]
[Result "0-1"]
[WhiteElo "2054"]
[BlackElo "1970"]
[PlyCount "56"]
[EventDate "2017.10.01"]
[EventType "team-tourn"]
[EventRounds "11"]
[EventCountry "GER"]
[SourceTitle "EXT 2019"]
[Source "ChessBase"]
[SourceDate "2018.10.10"]
[SourceVersion "1"]
[SourceVersionDate "2018.10.10"]
[SourceQuality "1"]
[WhiteTeam "Hamburger SK (W)"]
[BlackTeam "Lehrte (W)"]
[WhiteTeamCountry "GER"]
[BlackTeamCountry "GER"]

1. d4 Nf6 2. c4 c5 3. d5 b5 4. cxb5 a6 5. bxa6 Bxa6 6. Nc3 d6 7. e4 Bxf1 8. Kxf1 g6 9. Nf3 Bg7 10. g3 0-0 11. Kg2 Nbd7 12. a4 Ra6 13. Qc2 Qa8 14. Nb5 Rc8 15. Nd2 Nb6 16. Nc4 Nfxd5 17. Nxb6 Nxb6 18. Bg5 Nxa4 19. Bxe7 Nxb2 20. Rxa6 Qxa6 21. Nxd6 Rc7 22. Ne8 Rxe7 23. Nxg7 Nd3 24. Qc3 c4 25. Ra1 Qb7 26. Qf6 Qxe4+ 27. Kg1 Ne1 28. Ne6 Qg2# 0-1

[Event "BL 1617 (Women)"]
[Site "Germany"]
[Date "2017.04.30"]
[Round "10.6"]
[White "Markgraf, Claudia"]
[Black "Meyer, Bettina"]
[Result "1-0"]
[WhiteElo "1954"]
[BlackElo "1987"]
[PlyCount "85"]
[EventDate "2016.10.22"]
[EventType "team-tourn"]
[EventRounds "11"]
[EventCountry "GER"]
[SourceTitle "EXT 2018"]
[Source "ChessBase"]
[SourceDate "2017.10.13"]
[SourceVersion "1"]
[SourceVersionDate "2017.10.13"]
[SourceQuality "1"]
[WhiteTeam "Lehrte (W)"]
[BlackTeam "Hamburger SK (W)"]
[WhiteTeamCountry "GER"]
[BlackTeamCountry "GER"]

1. e4 e6 2. d4 d5 3. e5 c5 4. c3 Nc6 5. Nf3 Bd7 6. a3 f6 7. Be2 Qc7 8. Bf4 h6 9. Bg3 f5 10. h4 c4 11. Nbd2 Na5 12. h5 0-0-0 13. Nh4 Ne7 14. Rb1 Kb8 15. 0-0 Rg8 16. Re1 Be8 17. Bf3 g5 18. hxg6 Bxg6 19. Nxg6 Nxg6 20. Qc2 f4 21. Bh2 Qg7 22. Kh1 Nh4 23. Rg1 Qg5 24. b3 cxb3 25. Qd3 Nf5 26. Nxb3 Nc4 27. Nd2 Nb6 28. Nf1 Rg7 29. g3 fxg3 30. Nxg3 Nxg3+ 31. Rxg3 Qe7 32. Rxg7 Bxg7 33. Rg1 Qf7 34. Bg3 Rf8 35. Bg4 h5 36. Bh3 Bh6 37. Bh4 Nc4 38. Qg6 Bd2 39. Qxf7 Rxf7 40. Bxe6 Rf3 41. Rg8+ Kc7 42. Rc8+ Kb6 43. Bd8+ 1-0

[Event "BL 1617 (Women)"]
[Site "Germany"]
[Date "2016.10.22"]
[Round "1.6"]
[White "Markgraf, Claudia"]
[Black "Frey, Alisa"]
[Result "0-1"]
[WhiteElo "1954"]
[BlackElo "2034"]
[PlyCount "64"]
[EventDate "2016.10.22"]
[EventType "team-tourn"]
[EventRounds "11"]
[EventCountry "GER"]
[SourceTitle "EXT 2018"]
[Source "ChessBase"]
[SourceDate "2017.10.13"]
[SourceVersion "1"]
[SourceVersionDate "2017.10.13"]
[SourceQuality "1"]
[WhiteTeam "Lehrte (W)"]
[BlackTeam "Bad Koenigshofen (W)"]
[WhiteTeamCountry "GER"]
[BlackTeamCountry "GER"]

1. e4 e5 2. Bc4 Nf6 3. d3 Nc6 4. c3 Be7 5. f4 0-0 6. Nf3 exf4 7. Bxf4 d5 8. exd5 Nxd5 9. Bxd5 Qxd5 10. 0-0 Bc5+ 11. d4 Bb6 12. Qb3 Qe4 13. Ng5 Qg6 14. Nd2 h6 15. Nge4 Be6 16. Qb5 Rad8 17. Rf3 Rxd4 18. cxd4 Nxd4 19. Kh1 Nxb5 20. Rg3 Bg4 21. Rf1 Re8 22. h3 f5 23. Nf2 Bxf2 24. Rxf2 Nd4 25. hxg4 Ne2 26. Rb3 fxg4 27. g3 Nxf4 28. gxf4 g3 29. Rg2 Qh5+ 30. Kg1 Re1+ 31. Nf1 Rxf1+ 32. Kxf1 Qd1# 0-1

[Event "BL 1516 (Women)"]
[Site "Germany"]
[Date "2016.03.19"]
[Round "10.5"]
[White "Nguyen Minh, Thuy"]
[Black "Markgraf, Claudia"]
[Result "0-1"]
[WhiteElo "2016"]
[BlackElo "1968"]
[PlyCount "128"]
[EventDate "2015.09.26"]
[EventType "team-tourn"]
[EventRounds "11"]
[EventCountry "GER"]
[SourceTitle "EXT 2017"]
[Source "ChessBase"]
[SourceDate "2016.10.25"]
[SourceVersion "1"]
[SourceVersionDate "2016.10.25"]
[SourceQuality "1"]
[WhiteTeam "Niederwiesa (W)"]
[BlackTeam "Lehrte (W)"]
[WhiteTeamCountry "GER"]
[BlackTeamCountry "GER"]

1. e4 Nf6 2. e5 Nd5 3. c4 Nb6 4. d4 d6 5. exd6 exd6 6. Nc3 Be7 7. Be3 Nc6 8. Rc1 Bf5 9. Bd3 Bxd3 10. Qxd3 d5 11. cxd5 Nxd5 12. Nf3 0-0 13. 0-0 Re8 14. Rfe1 Bf6 15. Qf5 Nce7 16. Qd3 Nxc3 17. bxc3 Qd5 18. c4 Qf5 19. Qb3 b6 20. Qa4 h5 21. Qa6 h4 22. h3 g5 23. Qb5 Qg6 24. Qd7 Nf5 25. Qxc7 Re7 26. Qc6 Rae8 27. Rc3 Re6 28. Qc7 Nxd4 29. Rcc1 Nxf3+ 30. gxf3 Qf5 31. Kg2 g4 32. fxg4 Qe4+ 33. Kg1 Be5 34. Qd7 Qf3 35. Qd5 Qxh3 36. Qg2 Qxg2+ 37. Kxg2 Bd4 38. Kh3 Bxe3 39. Rxe3 Rxe3+ 40. fxe3 Rxe3+ 41. Kxh4 Re2 42. a3 Re3 43. a4 Re5 44. Rd1 Ra5 45. Ra1 Rc5 46. Rc1 Kg7 47. Kg3 a6 48. Rb1 Rxc4 49. Rxb6 Rxa4 50. g5 a5 51. Ra6 Ra1 52. Kf4 a4 53. Ke3 a3 54. Kd2 a2 55. Kc2 Rg1 56. Rxa2 Rg2+ 57. Kb3 Rxa2 58. Kxa2 Kg6 59. Kb3 Kxg5 60. Kc4 Kf4 61. Kd3 Kf3 62. Kd2 Kf2 63. Kd3 f5 64. Kd2 f4 0-1

[Event "BL 1415 (Women)"]
[Site "Germany"]
[Date "2014.09.28"]
[Round "2.5"]
[White "Ambartsumova, Karina"]
[Black "Markgraf, Claudia"]
[Result "1-0"]
[WhiteElo "2278"]
[BlackElo "1978"]
[PlyCount "67"]
[EventDate "2014.09.27"]
[EventType "team-tourn"]
[EventRounds "11"]
[EventCountry "GER"]
[SourceTitle "CBM 166 Extra"]
[Source "ChessBase"]
[SourceDate "2015.06.18"]
[SourceVersion "1"]
[SourceVersionDate "2015.06.18"]
[SourceQuality "1"]
[WhiteTeam "Schwaebisch Hall (W)"]
[BlackTeam "Lehrte (W)"]
[WhiteTeamCountry "GER"]
[BlackTeamCountry "GER"]

1. e4 e5 2. Nf3 Nc6 3. Bb5 a6 4. Ba4 Nf6 5. 0-0 b5 6. Bb3 Be7 7. Re1 0-0 8. h3 d6 9. c3 Be6 10. Bc2 h6 11. d3 Nh7 12. Nbd2 f5 13. d4 exd4 14. cxd4 d5 15. e5 Nb4 16. Bb1 c5 17. dxc5 Bxc5 18. Nb3 Bb6 19. Nbd4 Qd7 20. Nxe6 Qxe6 21. Nd4 Bxd4 22. Qxd4 Nc6 23. Qd1 f4 24. Qd3 Ng5 25. h4 Ne4 26. Rxe4 dxe4 27. Qxe4 f3 28. Bf4 Qg4 29. Bg3 Qd7 30. e6 Qd1+ 31. Kh2 Rf6 32. Qh7+ Kf8 33. Qh8+ Ke7 34. Qxg7+ 1-0

[Event "BL 1415 (Women)"]
[Site "Germany"]
[Date "2014.09.27"]
[Round "1.5"]
[White "Markgraf, Claudia"]
[Black "Endress, Anna"]
[Result "0-1"]
[WhiteElo "1978"]
[BlackElo "2131"]
[PlyCount "88"]
[EventDate "2014.09.27"]
[EventType "team-tourn"]
[EventRounds "11"]
[EventCountry "GER"]
[SourceTitle "CBM 166 Extra"]
[Source "ChessBase"]
[SourceDate "2015.06.18"]
[SourceVersion "1"]
[SourceVersionDate "2015.06.18"]
[SourceQuality "1"]
[WhiteTeam "Lehrte (W)"]
[BlackTeam "Friedberg (W)"]
[WhiteTeamCountry "GER"]
[BlackTeamCountry "GER"]

1. e4 c5 2. Nc3 Nc6 3. g3 g6 4. Bg2 Bg7 5. d3 d6 6. Be3 Nf6 7. h3 Qb6 8. Qc1 Nd4 9. Nge2 0-0 10. 0-0 e5 11. Kh2 Bd7 12. Rb1 Rac8 13. Qd2 Qc7 14. Bg5 Bc6 15. f4 Ne8 16. fxe5 dxe5 17. Rf2 f6 18. Be3 b5 19. Rbf1 Rd8 20. Nc1 Nd6 21. Nb3 b4 22. Nd5 Bxd5 23. exd5 N6f5 24. c3 Nxb3 25. axb3 bxc3 26. bxc3 Ne7 27. c4 Nf5 28. Ra1 Nxe3 29. Qxe3 f5 30. Rfa2 f4 31. gxf4 exf4 32. Qe6+ Kh8 33. Rxa7 Qe5 34. Re1 Qb8 35. Qe7 f3+ 36. Rc7 Rg8 37. Bxf3 Rde8 38. d6 Rxe7 39. Rexe7 Qf8 40. Kg2 Qf4 41. Bd5 Rf8 42. Bf7 Bd4 43. h4 Qg4+ 44. Kf1 Qf3+ 0-1

[Event "BL 1314 (Women)"]
[Site "Germany"]
[Date "2014.02.16"]
[Round "7.5"]
[White "Markgraf, Claudia"]
[Black "Vogel, Heike"]
[Result "0-1"]
[WhiteElo "1972"]
[BlackElo "2127"]
[PlyCount "44"]
[EventDate "2013.10.04"]
[EventType "team-tourn"]
[EventRounds "11"]
[EventCountry "GER"]
[SourceTitle "EXT 2018"]
[Source "ChessBase"]
[SourceDate "2017.10.13"]
[SourceVersion "1"]
[SourceVersionDate "2017.10.13"]
[SourceQuality "1"]
[WhiteTeam "Lehrte (W)"]
[BlackTeam "Muelheim Nord (W)"]
[WhiteTeamCountry "GER"]
[BlackTeamCountry "GER"]

1. e4 d5 2. exd5 Nf6 3. Bb5+ Bd7 4. Bc4 Bg4 5. Nf3 Nxd5 6. Nc3 e6 7. h3 Bh5 8. 0-0 Be7 9. Re1 0-0 10. Nxd5 exd5 11. Bxd5 Qxd5 12. Rxe7 Nc6 13. Re3 f5 14. Qf1 f4 15. Rd3 Qe4 16. Rc3 Bxf3 17. Rxf3 Nd4 18. Rc3 Ne2+ 19. Kh2 Nxc3 20. dxc3 Rad8 21. b3 Rfe8 22. Ba3 Qe2 0-1

[Event "BL 1314 (Women)"]
[Site "Germany"]
[Date "2013.10.06"]
[Round "2.4"]
[White "Markgraf, Claudia"]
[Black "Manakov, Marina"]
[Result "0-1"]
[WhiteElo "1972"]
[BlackElo "2270"]
[PlyCount "38"]
[EventDate "2013.10.04"]
[EventType "team-tourn"]
[EventRounds "11"]
[EventCountry "GER"]
[SourceTitle "EXT 2018"]
[Source "ChessBase"]
[SourceDate "2017.10.13"]
[SourceVersion "1"]
[SourceVersionDate "2017.10.13"]
[SourceQuality "1"]
[WhiteTeam "Lehrte (W)"]
[BlackTeam "Deizisau (W)"]
[WhiteTeamCountry "GER"]
[BlackTeamCountry "GER"]

1. e4 c6 2. Nc3 d5 3. Nf3 dxe4 4. Nxe4 Bf5 5. Ng3 Bg6 6. h4 h6 7. Bc4 Nd7 8. d4 e6 9. Bf4 Ngf6 10. Qe2 Nd5 11. Be5 Qa5+ 12. Nd2 Nxe5 13. Qxe5 Bxc2 14. Rc1 Bg6 15. a3 0-0-0 16. b4 Qxa3 17. 0-0 Bd6 18. Qe2 Bxg3 19. fxg3 Qe3+ 0-1

[Event "BL 1314 (Women)"]
[Site "Germany"]
[Date "2013.10.05"]
[Round "1.4"]
[White "Sedina, Elena"]
[Black "Markgraf, Claudia"]
[Result "1-0"]
[WhiteElo "2311"]
[BlackElo "1972"]
[PlyCount "73"]
[EventDate "2013.10.04"]
[EventType "team-tourn"]
[EventRounds "11"]
[EventCountry "GER"]
[SourceTitle "EXT 2018"]
[Source "ChessBase"]
[SourceDate "2017.10.13"]
[SourceVersion "1"]
[SourceVersionDate "2017.10.13"]
[SourceQuality "1"]
[WhiteTeam "Baden-Baden (W)"]
[BlackTeam "Lehrte (W)"]
[WhiteTeamCountry "GER"]
[BlackTeamCountry "GER"]

1. e4 Nf6 2. e5 Nd5 3. d4 d6 4. Bc4 dxe5 5. dxe5 e6 6. Qg4 Nc6 7. Nf3 Nb6 8. Bd3 f5 9. exf6 Qxf6 10. Nc3 e5 11. Qg3 Bb4 12. 0-0 Bxc3 13. bxc3 Bf5 14. Bg5 Qe6 15. Rfe1 0-0 16. Nxe5 Nxe5 17. Rxe5 Qg6 18. Rae1 Bxd3 19. cxd3 Rae8 20. h4 Rxe5 21. Rxe5 h6 22. Bf4 Qf6 23. Re4 Rf7 24. Be5 Qc6 25. Rg4 Qd7 26. Rg6 Kf8 27. Bd4 Qe7 28. Qg4 c5 29. Re6 Qc7 30. Be5 Qd7 31. Bd6+ Kg8 32. Qe4 Rf8 33. Bxf8 Kxf8 34. Qf5+ Kg8 35. Qg6 Kf8 36. Re5 Nc8 37. Qf5+ 1-0

[Event "GER-chT Federal Cup (Women)"]
[Site "Braunfels"]
[Date "2013.05.31"]
[Round "2.5"]
[White "Markgraf, Claudia"]
[Black "Wiesner, Paula"]
[Result "0-1"]
[WhiteElo "1985"]
[BlackElo "1831"]
[PlyCount "152"]
[EventDate "2013.05.30"]
[EventType "team-swiss"]
[EventRounds "5"]
[EventCountry "GER"]
[SourceTitle "EXT 2014"]
[Source "ChessBase"]
[SourceDate "2013.11.20"]
[SourceVersion "1"]
[SourceVersionDate "2013.11.20"]
[SourceQuality "1"]
[WhiteTeam "Niedersachsen (W)"]
[BlackTeam "Baden (W)"]
[WhiteTeamCountry "GER"]
[BlackTeamCountry "GER"]

1. e4 e6 2. d4 d5 3. e5 c5 4. c3 Qb6 5. Nf3 Nc6 6. a3 Nh6 7. b4 cxd4 8. cxd4 Nf5 9. Be3 f6 10. exf6 gxf6 11. Nc3 Nxe3 12. fxe3 Bh6 13. Ne5 Nxe5 14. Qh5+ Nf7 15. Bb5+ Ke7 16. Ke2 Rg8 17. g3 Rg5 18. Qf3 Nd6 19. Bd3 f5 20. Rhf1 Bd7 21. g4 Qd8 22. gxf5 Nxf5 23. Qh3 Qf8 24. Rf2 Rc8 25. Kd2 Kd6 26. Raf1 Qg7 27. Ne2 Rg4 28. Bxf5 exf5 29. Qh5 Qg5 30. Qh3 Qh4 31. Qxh4 Rxh4 32. Rg1 Re8 33. Rg3 Rhe4 34. Rff3 Rg4 35. Rh3 Rg6 36. Rh4 Re7 37. Ng3 f4 38. exf4 Rf7 39. Kc3 Bg4 40. f5 Bxf3 41. fxg6 Rc7+ 42. Kd3 Be4+ 43. Nxe4+ dxe4+ 44. Kxe4 Re7+ 45. Kd3 Bg7 46. Rxh7 Ke6 47. h4 Rd7 48. h5 Rxd4+ 49. Ke3 Rd7 50. Ke4 Bb2 51. Rh6 Kf6 52. g7+ Kxg7 53. Rg6+ Kh7 54. Rg3 Kh6 55. Rb3 Bc1 56. Kf5 Rd5+ 57. Ke6 Rxh5 58. Kd7 Kg6 59. Rc3 Bf4 60. Rc4 Bh2 61. a4 Kf6 62. Rc2 Rh7+ 63. Kc8 Ke6 64. Re2+ Kd5 65. Rg2 Bd6 66. Rg5+ Kc4 67. Rg4+ Kb3 68. b5 Rc7+ 69. Kd8 Rc4 70. Rg7 b6 71. a5 bxa5 72. Rxa7 a4 73. Kd7 Bf4 74. b6 Rb4 75. Kc6 a3 76. Rf7 a2 0-1

[Event "GER-chT Federal Cup (Women)"]
[Site "Braunfels"]
[Date "2013.05.31"]
[Round "3.5"]
[White "Zeller, Elisa"]
[Black "Markgraf, Claudia"]
[Result "0-1"]
[WhiteElo "1896"]
[BlackElo "1985"]
[PlyCount "94"]
[EventDate "2013.05.30"]
[EventType "team-swiss"]
[EventRounds "5"]
[EventCountry "GER"]
[SourceTitle "EXT 2014"]
[Source "ChessBase"]
[SourceDate "2013.11.20"]
[SourceVersion "1"]
[SourceVersionDate "2013.11.20"]
[SourceQuality "1"]
[WhiteTeam "Wuerttemberg (W)"]
[BlackTeam "Niedersachsen (W)"]
[WhiteTeamCountry "GER"]
[BlackTeamCountry "GER"]

1. e4 Nf6 2. Nc3 d5 3. exd5 Nxd5 4. Bc4 e6 5. Nge2 c6 6. a4 Bc5 7. 0-0 0-0 8. d4 Bd6 9. Ne4 Bxh2+ 10. Kxh2 Qh4+ 11. Kg1 Qxe4 12. Bd3 Qg4 13. c4 Ne7 14. f3 Qh4 15. g3 Qf6 16. Kg2 e5 17. dxe5 Qxe5 18. g4 Na6 19. Rh1 f5 20. f4 Qc5 21. b3 Nb4 22. Bb1 b5 23. Ba3 a5 24. Ng3 bxc4 25. bxc4 Be6 26. gxf5 Bxc4 27. Qh5 h6 28. Be4 Bd5 29. Rac1 Bxe4+ 30. Nxe4 Qxf5 31. Qxf5 Rxf5 32. Rhf1 Raf8 33. Rc4 Ned5 34. Rf3 Nxf4+ 35. Kh2 Nfd5 36. Rxf5 Rxf5 37. Rc5 Re5 38. Nd6 Rh5+ 39. Kg3 Rg5+ 40. Kh2 Nb6 41. Bxb4 axb4 42. Rxc6 Nxa4 43. Rc4 Rd5 44. Nc8 Rb5 45. Ne7+ Kf7 46. Nc6 b3 47. Rf4+ Kg6 0-1

[Event "Niedersachsen-ch op-A"]
[Site "Verden"]
[Date "2013.01.04"]
[Round "4"]
[White "Markgraf, Claudia"]
[Black "Freystein, Martin"]
[Result "1/2-1/2"]
[WhiteElo "1983"]
[BlackElo "2045"]
[PlyCount "35"]
[EventDate "2013.01.03"]
[EventType "swiss"]
[EventRounds "7"]
[EventCountry "GER"]
[SourceTitle "EXT 2014"]
[Source "ChessBase"]
[SourceDate "2013.11.20"]
[SourceVersion "1"]
[SourceVersionDate "2013.11.20"]
[SourceQuality "1"]

1. e4 c5 2. Nc3 Nc6 3. g3 g6 4. Bg2 Bg7 5. d3 d6 6. Be3 e6 7. Qd2 Nd4 8. Nd1 Rb8 9. c3 Nc6 10. f4 Nge7 11. Nf3 b5 12. 0-0 0-0 13. d4 cxd4 14. cxd4 a5 15. Rc1 a4 16. Nf2 Bb7 17. Rc2 Na5 18. Rfc1 1/2-1/2

[Event "GER-chT Federal Cup (Women)"]
[Site "Braunfels"]
[Date "2012.06.08"]
[Round "3.1"]
[White "Jussupow, Nadejda"]
[Black "Markgraf, Claudia"]
[Result "1-0"]
[WhiteElo "2114"]
[BlackElo "2000"]
[PlyCount "103"]
[EventDate "2012.06.07"]
[EventType "team-swiss"]
[EventRounds "5"]
[EventCountry "GER"]
[SourceTitle "CBM 149 Extra"]
[Source "ChessBase"]
[SourceDate "2012.08.24"]
[SourceVersion "1"]
[SourceVersionDate "2012.08.24"]
[SourceQuality "1"]
[WhiteTeam "Bayern Muenchen (W)"]
[BlackTeam "Niedersachsen (W)"]
[WhiteTeamCountry "GER"]
[BlackTeamCountry "GER"]

1. Nf3 Nf6 2. d4 g6 3. c4 Bg7 4. Nc3 d5 5. e3 0-0 6. Qb3 dxc4 7. Bxc4 Nc6 8. Qa3 Bg4 9. Nd2 Qd6 10. Nb5 Qxa3 11. bxa3 Na5 12. Bd3 Nd5 13. Bb2 Rfd8 14. Rc1 c6 15. Nc3 e5 16. Nxd5 Rxd5 17. Be4 Rb5 18. Bc3 exd4 19. exd4 Re8 20. a4 Nc4 21. axb5 Nxd2 22. Kxd2 Rxe4 23. Rce1 Bh6+ 24. Kd3 Rxe1 25. Rxe1 Bf5+ 26. Kc4 Be6+ 27. Kd3 Bf5+ 28. Ke2 Be6 29. bxc6 bxc6 30. Kf3 Bd5+ 31. Kg3 f5 32. a3 Kf7 33. f3 Bf8 34. Bb4 Bxb4 35. axb4 a6 36. Kf4 Kf6 37. Re8 g5+ 38. Ke3 Bc4 39. g3 Kf7 40. Rh8 Kg7 41. Rc8 Bb5 42. g4 f4+ 43. Ke4 Kf6 44. d5 cxd5+ 45. Kxd5 Be2 46. Rc6+ Kf7 47. Ke4 Kg7 48. h4 h5 49. hxg5 hxg4 50. fxg4 f3 51. Ke3 Kh7 52. Rf6 1-0

[Event "GER-chT Federal Cup (Women)"]
[Site "Braunfels"]
[Date "2012.06.07"]
[Round "1.1"]
[White "Markgraf, Claudia"]
[Black "Benzen, Marthe"]
[Result "1-0"]
[WhiteElo "2000"]
[BlackElo "1905"]
[PlyCount "109"]
[EventDate "2012.06.07"]
[EventType "team-swiss"]
[EventRounds "5"]
[EventCountry "GER"]
[SourceTitle "CBM 149 Extra"]
[Source "ChessBase"]
[SourceDate "2012.08.24"]
[SourceVersion "1"]
[SourceVersionDate "2012.08.24"]
[SourceQuality "1"]
[WhiteTeam "Niedersachsen (W)"]
[BlackTeam "Schleswig Holstein (W)"]
[WhiteTeamCountry "GER"]
[BlackTeamCountry "GER"]

1. e4 e5 2. Bc4 Nc6 3. Nf3 Bc5 4. c3 Nf6 5. b4 Bd6 6. d3 a6 7. a4 b6 8. 0-0 0-0 9. Bg5 Be7 10. Re1 d6 11. Qb3 h6 12. Bd2 Bg4 13. Nh4 Bh5 14. h3 Kh7 15. Nf5 Ra7 16. Be3 a5 17. Na3 axb4 18. cxb4 d5 19. exd5 Nxb4 20. Nxe7 Qxe7 21. Nb5 Rb7 22. d6 Qd7 23. Qxb4 c6 24. Nc3 c5 25. Qb5 Qxd6 26. Ne4 Nxe4 27. dxe4 f6 28. Bd5 Rc7 29. a5 Rb8 30. Reb1 Be8 31. Qa6 Bc6 32. Rxb6 Rbc8 33. Rc1 Qd7 34. Bxc6 Rxc6 35. Rxc6 Rxc6 36. Qb5 Qe6 37. Rxc5 Rd6 38. Rd5 Rc6 39. Rd1 Qc8 40. Ra1 Ra6 41. Bb6 Qb7 42. Qd5 Qc8 43. Rd1 Qc2 44. Qd7 Ra8 45. Rd3 Rg8 46. Re3 Qc4 47. Qb7 Qa2 48. a6 h5 49. Rg3 Kh6 50. Be3+ g5 51. h4 Qa1+ 52. Kh2 Kg6 53. Bxg5 fxg5 54. Rxg5+ Kh6 55. Qc6+ 1-0

[Event "BL2 West 1112 (Women)"]
[Site "Germany"]
[Date "2011.12.18"]
[Round "5.4"]
[White "Markgraf, Claudia"]
[Black "Franzenburg, Maria"]
[Result "0-1"]
[WhiteElo "2015"]
[BlackElo "1866"]
[PlyCount "112"]
[EventDate "2011.10.29"]
[EventType "team-tourn"]
[EventRounds "7"]
[EventCountry "GER"]
[SourceTitle "EXT 2013"]
[Source "ChessBase"]
[SourceDate "2012.11.22"]
[SourceVersion "1"]
[SourceVersionDate "2012.11.22"]
[SourceQuality "1"]
[WhiteTeam "Lehrte (W)"]
[BlackTeam "Kiel Doppelbauer (W)"]
[WhiteTeamCountry "GER"]
[BlackTeamCountry "GER"]

1. e4 e6 2. d4 d5 3. e5 c5 4. c3 Nc6 5. Nf3 Qb6 6. a3 cxd4 7. cxd4 f6 8. exf6 Nxf6 9. Nc3 Bd6 10. Bd3 0-0 11. 0-0 Bd7 12. b4 Rac8 13. Na4 Qd8 14. Nc5 Qc7 15. Bb2 b6 16. Nxd7 Qxd7 17. Ne5 Qe7 18. Rc1 Bxe5 19. dxe5 Nd7 20. Ba6 Rce8 21. Rxc6 Nb8 22. b5 Nxc6 23. bxc6 Qc7 24. Qa4 Rf5 25. Bb7 a5 26. Qb5 Rf4 27. Qd3 Ref8 28. f3 Rc4 29. g3 b5 30. Kg2 Rb8 31. Qe3 b4 32. axb4 axb4 33. Rc1 Rd8 34. Bd4 Qa5 35. Bb6 Qa2+ 36. Kh3 b3 37. Bxd8 b2 38. Rd1 b1Q 39. Rxb1 Qxb1 40. g4 Qf1+ 41. Kh4 Rc2 42. h3 Rh2 43. f4 Re2 44. Qxe2 Qxe2 45. c7 Qf2+ 46. Kg5 h6+ 47. Kh5 Qg3 48. Kg6 Qxf4 49. Bf6 Qe4+ 50. Kh5 g6+ 51. Kxh6 Qf4+ 52. Kxg6 Qe4+ 53. Kg5 Qe3+ 54. Kh5 Kh7 55. Kh4 Kg6 56. Bg5 Qf2# 0-1